Property week supplement (Record no. 106807)

MARC details
000 -LEADER
fixed length control field 00854cam a22001935a 4500
001 - CONTROL NUMBER
control field L137523
008 - FIXED-LENGTH DATA ELEMENTS--GENERAL INFORMATION
fixed length control field 070413s2007 xxk f 000 0 eng d
035 ## - SYSTEM CONTROL NUMBER
System control number (Sirsi) u137523
041 0# - LANGUAGE CODE
Language code of text/sound track or separate title eng
245 00 - TITLE STATEMENT
Title Property week supplement
Remainder of title global retail
260 ## - PUBLICATION, DISTRIBUTION, ETC.
Date of publication, distribution, etc. 2007
490 #0 - SERIES STATEMENT
Series statement Property Week
Volume/sequential designation Supplement 29 September 2006, (22) (LOAN)
520 ## - SUMMARY, ETC.
Summary, etc. Discusses the development of a design winning store in New York, the selling of shopping centres by the Swedish government, the Kaliningrad property investment market, the Ukraine retail market, the expansion of an American investment firm into the European factory outlet market, and the growth of the Bulgarian shopping centre sector.
590 ## - LOCAL NOTE (RLIN)
Local note KA
651 #4 - SUBJECT ADDED ENTRY--GEOGRAPHIC NAME
Geographic name International
690 ## - LOCAL SUBJECT ADDED ENTRY--TOPICAL TERM (OCLC, RLIN)
Topical term or geographic name as entry element PROPERTY-COMMERCIAL PROPERTY-RETAIL PROPERTY
700 1# - ADDED ENTRY--PERSONAL NAME
Personal name McAllister, Sean
Relator term Editor
942 ## - ADDED ENTRY ELEMENTS (KOHA)
Suppress in OPAC 0
Holdings
Withdrawn status Lost status Source of classification or shelving scheme Damaged status Not for loan Home library Current library Shelving location Date acquired Total Checkouts Full call number Barcode Date last seen Copy number Price effective from Koha item type
    Dewey Decimal Classification     London London Journal article 13/04/2007   L137523 30072366 06/08/2019 1 06/08/2019 Journal article